Groundwater hydrology (Record no. 76022)

MARC details
000 -LEADER
fixed length control field 00681nam a2200169 a 4500
008 - FIXED-LENGTH DATA ELEMENTS--GENERAL INFORMATION
fixed length control field 120416s0000 ||||||||||||||||| || u
020 ## - INTERNATIONAL STANDARD BOOK NUMBER
International Standard Book Number 047108641X
050 ## - LIBRARY OF CONGRESS CALL NUMBER
Classification number GB 1003.2 Tod
100 ## - MAIN ENTRY--PERSONAL NAME
Personal name Todd, David Keith
245 10 - TITLE STATEMENT
Title Groundwater hydrology
250 ## - EDITION STATEMENT
Edition statement 2nd ed.
260 ## - PUBLICATION, DISTRIBUTION, ETC.
Place of publication, distribution, etc. New York
Name of publisher, distributor, etc. John Wiley and Sons
Date of publication, distribution, etc. 1980
300 ## - PHYSICAL DESCRIPTION
Extent xiii, 535p. : ill.
350 ## -
-- 0.00
995 ## -
-- BINDERY (DAMAGED)
-- 0.00
-- 712998
-- CBU-MAIN LIBRARY (Kitwe)
-- 2
-- 12.50
-- GB 1003.2 Tod
-- 2
-- DAMAGED
-- 002212
-- Main Library Open Access Collection
995 ## -
-- BINDERY (DAMAGED)
-- 0.00
-- 712997
-- CBU-MAIN LIBRARY (Kitwe)
-- 1
-- 12.50
-- GB 1003.2 Tod
-- 1
-- DAMAGED
-- 002213
-- Main Library Open Access Collection
999 ## -
-- 76022
-- 76022
Holdings
Withdrawn status Lost status Source of classification or shelving scheme Damaged status Not for loan Permanent Location Current Location Shelving location Date acquired Total Checkouts Full call number Barcode Date last seen Copy number Price effective from Koha item type
          CBU-MAIN LIBRARY, KITWE. CBU-MAIN LIBRARY, KITWE.   04/25/2023   GB 1003.2 Tod 002212 04/25/2023 1 04/25/2023 MONOGRAPH
          CBU-MAIN LIBRARY, KITWE. CBU-MAIN LIBRARY, KITWE.   04/25/2023   GB 1003.2 Tod 002213 04/25/2023 2 04/25/2023 MONOGRAPH